000 00275nam a22001217a 4500
008 181106b xxu||||| |||| 00| 0 eng d
041 _aeng
080 _a575
100 _a5
101 _aBIO
245 _a Short Course In Biochemistry
_cAlbert.L.L
942 _2udc
_cBK
999 _c52042
_d52042